Statistics for NBA Scoring Champs Quiz

Click here to take the quiz!

General Stats

  • This quiz has been taken 49 times
  • The average score is 21 of 34

Answer Stats

YearsPlayer% Correct
2010, 2011, 2012, 2014Kevin Durant
100%
1987, 1988, 1989, 1990, 1991, 1992, 1993, 1996, 1997, 1998Michael Jordan
100%
1960, 1961, 1962, 1963, 1964, 1965, 1966Wilt Chamberlain
98%
2006, 2007Kobe Bryant
98%
2016Stephen Curry
95%
1970Jerry West
95%
2008LeBron James
95%
1971, 1972Kareem Abdul-Jabbar
93%
2018, 2019, 2020James Harden
93%
2015, 2017Russell Westbrook
93%
1995, 2000Shaquille O'Neal
91%
1999, 2001, 2002, 2005Allen Iverson
86%
2013Carmelo Anthony
74%
2009Dwyane Wade
70%
1994David Robinson
70%
1986Dominique Wilkins
63%
2003, 2004Tracy McGrady
63%
1956, 1959Bob Pettit
60%
1978, 1979, 1980, 1982George Gervin
60%
1949, 1950, 1951George Mikan
58%
1977Pete Maravich
58%
1974, 1975, 1976Bob McAdoo
53%
1969Elvin Hayes
49%
1983Alex English
44%
1985Bernard King
44%
1973Nate Archibald
42%
1967Rick Barry
42%
1981, 1984Adrian Dantley
35%
1952, 1957Paul Arizin
35%
1947Joe Fulks
21%
1968Dave Bing
19%
1953, 1954, 1955Neil Johnston
14%
1948Max Zaslofsky
14%
1958George Yardley
12%

Score Distribution

Percentile by Number Answered

Percent of People with Each Score

Your Score History

You have not taken this quiz